00346nam a22001457a 450000500170000000800410001702000180005804100080007608200080008410000220009224500260011426000370014030000080017765000150018520260413144854.0160613b xxu||||| |||| 00| 0 eng d a81-219-2831-1 aeng a422 aVerma, Dr Shaline aWord Power Made Hundy aNew DelhibSultan Chand & Sons,  a370 aManagement